| 000 | 01040cam a2200253 a 4500 | ||
|---|---|---|---|
| 005 | 20180803170135.0 | ||
| 008 | 120918s2008 pe abdo r 100 0 spa d | ||
| 020 | _a9789972787454 | ||
| 040 |
_aCO-BoPUJ _cCO-BoIAVH _dCO-BoIAVH |
||
| 041 | 0 | _aspa | |
| 044 | _ape | ||
| 082 | 0 | 4 |
_a551.6 _bC17c |
| 245 | 1 | 3 |
_aEl cambio climático no tiene fronteras _bimpacto del cambio climático en la Comunidad Andina _ccoordinación Carlos Amat y León |
| 260 | 3 |
_aLima: _bComunidad Andina, _bMinisterio de Medio Ambiente y Medio Rural y Marino, _c2008. |
|
| 300 |
_a37 p. _bilustraciones, fotos, gráficas y mapas _c27 cm. |
||
| 650 | 1 | 4 |
_aCambio climático _998479 |
| 650 | 2 | 4 |
_aPolítica ambiental _zAndes (Región) _935586 |
| 650 | 2 | 4 |
_aImpacto ambiental _zAndes (Región) _935587 |
| 650 | 2 | 4 |
_aControl ambiental _zAndes (Región) _935588 |
| 650 | 2 | 4 |
_aProtección del medio ambiente _zAndes (Región) _935589 |
| 700 | 1 |
_aAmat y León Chávez, Carlos _eCoord. _935590 |
|
| 710 | 2 |
_aComunidad Andina _bSecretaría General _935591 |
|
| 942 |
_2ddc _cFolleto _01 |
||
| 999 |
_c17566 _d17566 |
||